000 00977nam a2200277Ia 4500
003 OSt
005 20220925220731.0
006 a|||||r|||| 00| 0
007 ta
008 220923b |||||||| |||| 00| 0 eng d
020 _a0333287339
037 _cGeneral Book
040 _aRTL
_cRTL
_beng
041 _2eng
_aeng
082 _aXp1,N78, M0
100 _aPajestks Jozef
_9285244
110 _aConference of the Relevance of Economic Theories for Contemporary Society (Warsaw) (1978)
_9285245
245 0 _aRelevance of Economic Theories
_b Proceedings of a
260 _aLondon
_bMacmillan
_c1980
300 _axv, 311p
_ccm.
490 _aInternational Economic Association on Publication
700 _a Foinstei C H
_9285246
700 _aConference of the Relevance of Economic Theories for Contemporary Society (Warsaw) (1978)
_9285247
942 _hXp1,N78, M0
_cGB
_2CC
999 _c572258
_d572258